Confissões de uma mente perigosa (Record no. 44481)

MARC details
000 -Etiqueta do registo
Valores 00396nam a2200157 4500
100 ## - Dados gerais de processamento
Dados gerais 20250521 pory50
101 ## - Língua de publicação
Língua por
-- ing
102 ## - País de publicação
País PT
200 ## - Titulo e menção de responsabilidade
Título próprio Confissões de uma mente perigosa
Primeira menção de responsabilidade realiz. George Clooney
210 ## - Publicação
Local de publicação [S.l.]
Nome do editor Miramax International
Data de publicação [d. reg. 2003]
215 ## - Descrição física 
Paginação / Volumes 1 DVD
675 ## - CDU
Notação 82-312.4
801 ## - Fonte de origem
País PT
Regras de catalogação RPC
990 ## - Elementos KOHA
Tipo de documento Filme DVD
Holdings
Aquisição Empréstimo Código de barras Cota Permissão de empréstimo Tipo de documento Nota relativa ao exemplar
Biblioteca Escolar Doutor Hernâni Cidade Biblioteca Escolar Doutor Hernâni Cidade 80882 POL CLO   Livro 460 Filme Policial

Powered by Koha